Properties of polymers: correlations with chemical structure /
Guardado en:
| Autor Principal: | |
|---|---|
| Otros Autores: | |
| Formato: | Libro |
| Idioma: | English |
| Publicado: |
Amsterdam :
Elsevier Pub. Co.,
1972.
|
| Materias: | |
| Etiquetas: |
Agregar Etiqueta
Sin Etiquetas, Sea el primero en etiquetar este registro!
|
| LEADER | 00806cam a22002175a 4500 | ||
|---|---|---|---|
| 001 | EIQ.libpla000971 | ||
| 008 | 720706s1972####ne#######b####001#0#eng#d | ||
| 005 | 20060629190220.0 | ||
| 245 | 1 | 0 | |a Properties of polymers: correlations with chemical structure / |c D. W. van Krevelen ; With the collaboration of P. J. Hoftyzer. |
| 260 | |a Amsterdam : |b Elsevier Pub. Co., |c 1972. | ||
| 300 | |a xi, 427 p. ; |c 25 cm. | ||
| 504 | |a Incluye referencias bibliográficas e índice. | ||
| 020 | |a 0444409556 (New York) | ||
| 100 | 1 | |a Krevelen, D. W. van |q (Dirk Willem) | |
| 700 | 1 | |a Hoftyzer, P. J. | |
| 082 | 0 | 0 | |a 620.1/92 |
| 650 | 0 | |a Polímeros |x Propiedades mecánicas. | |
| 650 | 0 | |a Polymers |x Mechanical properties. | |
| 010 | |a 70168915 | ||
| 040 | |a DLC |c DLC |d AR-BbSID | ||
| 859 | |a AR-BbSID |b BIB. PLAPIQUI |h 547.84 |i K 889 |p 749 | ||
